000 00283nam a2200097Ia 4500
001 644450
005 20250826153605.0
008 250824s9999 xx 000 0 und d
245 0 _aSu Hakkında Hemen Hemen Her Şey
_cBob Harvey, Gerry Bailey, Felicia Law
260 _bTÜBİTAK YAYINLARI
999 _c644450
_d644450